00389nam a22001337a 450000500170000000800410001704100240005808200150008210000250009724500360012226000450015830000270020365000250023020231026135518.0231026b |||||||| |||| 00| 0 eng d aEnglish / Afrikaans a346.7 NAT  lEnglish / Afrikaans  aNational Credit Act 34 of 2005  aDurban : bLexisNexis (Pty) Ltd, c2002 b1044 pages ; c26 cm.  aLegal practice bLaw